| 000 | 00848cam a22002531 4500 | ||
|---|---|---|---|
| 001 | 1225304 | ||
| 003 | AUA.1 | ||
| 005 | 20160526144500.0 | ||
| 008 | 771227s1966 nyu b 000 0 eng | ||
| 010 | _a 66020774 | ||
| 040 |
_aDLC _cICU _dICU _dDLC |
||
| 050 | 0 | 0 |
_aBS2825.3 _b.C36 1966 |
| 082 | 0 | 0 | _a228/.07/7 |
| 100 | 1 |
_aCaird, G. B. _q(George Bradford), _d1917- _910266 |
|
| 245 | 1 | 2 |
_aA commentary on the Revelation of St. John the Divine / _c[by] G. B. Caird. |
| 250 | _a[1st ed.] | ||
| 260 |
_aLondon : _bAdam & Charles Black, _c[1966] |
||
| 300 |
_ax, 316 p. _c22cm. |
||
| 490 | 0 | _aHarper's New Testament commentaries | |
| 504 | _aBibliography: p.ix-x. | ||
| 630 | 0 | 0 |
_aBible. _pN.T. _pRevelation _xCommentaries. _910267 |
| 906 |
_a7 _bcbc _corignew _du _eocip _f19 _gy-gencatlg |
||
| 942 |
_2lcc _cBOOK _hBS 2825.3 _i.C36 1966 |
||
| 999 |
_c2865 _d2865 |
||